| 000 | 00373nam a2200157Ia 4500 | ||
|---|---|---|---|
| 003 | Ost | ||
| 005 | 20260225132550.0 | ||
| 008 | 260225s9999||||xx |||||||||||||| ||und|| | ||
| 040 | _cfsic | ||
| 041 | _afre | ||
| 082 | _a440 | ||
| 100 |
_aArthur M.Schlesinger Jr _eAuteur |
||
| 245 | 0 | _aLa désunion de l'Amérique / | |
| 245 | 0 | _cArthur M.Schlesinger Jr | |
| 942 | _cكتاب | ||
| 999 |
_c34089 _d34089 |
||